Sustainable Living 25 International Expmples (Record no. 5731)
[ view plain ]
| 000 -LEADER | |
|---|---|
| fixed length control field | 00307nam a2200109Ia 4500 |
| 008 - FIXED-LENGTH DATA ELEMENTS--GENERAL INFORMATION | |
| fixed length control field | 200302s9999 xx 000 0 und d |
| 100 ## - MAIN ENTRY--PERSONAL NAME | |
| Personal name | Dominique Gauzin-Muller |
| 245 ## - TITLE STATEMENT | |
| Title | Sustainable Living 25 International Expmples |
| 260 ## - PUBLICATION, DISTRIBUTION, ETC. | |
| Name of publisher, distributor, etc. | Birkhauser-Publishers for Architecture |
| 260 ## - PUBLICATION, DISTRIBUTION, ETC. | |
| Date of publication, distribution, etc. | 2006 |
| 300 ## - PHYSICAL DESCRIPTION | |
| Extent | 159 P., |
| Withdrawn status | Lost status | Damaged status | Not for loan | Permanent Location | Current Location | Date acquired | Cost, normal purchase price | Total Checkouts | Full call number | Barcode | Date last seen | Date last checked out | Price effective from | Koha item type |
|---|---|---|---|---|---|---|---|---|---|---|---|---|---|---|
| BMS College of Architecture, Design and Planning | BMS College of Architecture, Design and Planning | 2020-03-03 | 4198.96 | 2 | 728.047 | CL-PG52524 | 2022-05-09 | 2022-04-23 | 2020-03-03 | PG Books from CL |